[Event "Olympiad-45"]
[Site "Budapest"]
[Date "2024.09.15"]
[Round "5.27"]
[White "Andersen, Mads"]
[Black "Baburin, Alexander"]
[Result "1-0"]
[WhiteElo "2598"]
[BlackElo "2376"]
[PlyCount "83"]
[EventDate "2024.09.11"]
[EventType "team-swiss"]
[EventRounds "11"]
[EventCountry "HUN"]
[SourceTitle "EXT 2025"]
[Source "ChessBase"]
[SourceDate "2024.10.14"]
[SourceVersion "1"]
[SourceVersionDate "2024.10.14"]
[SourceQuality "1"]
[WhiteTeam "Denmark"]
[BlackTeam "Ireland"]
[WhiteTeamCountry "DEN"]
[BlackTeamCountry "IRL"]

1. e4 Nf6 2. e5 Nd5 3. c4 Nb6 4. d4 d6 5. f4 Bf5 6. Nc3 e6 7. Nf3 Be7 8. Bd3 Bg4 9. h3 Bxf3 10. Qxf3 dxe5 11. dxe5 Nc6 12. 0-0 Qd4+ 13. Kh1 0-0-0 14. Rd1 Nxc4 15. Qe2 N6a5 16. Bg6 Qb6 17. Bxf7 Rxd1+ 18. Qxd1 Rf8 19. Bh5 g5 20. Bg4 Kb8 21. Na4 Qf2 22. b3 Rd8 23. Qg1 Qc2 24. bxc4 Qxa4 25. fxg5 Nxc4 26. Bf4 Nd2 27. Be3 Ne4 28. Bxe6 Bxg5 29. Bxg5 Nxg5 30. Bb3 Qf4 31. Re1 Ne4 32. Qe3 Ng3+ 33. Kg1 Qh4 34. e6 Nf5 35. Qe5 Ne7 36. Rf1 a6 37. Rf7 Rg8 38. Kh2 Rg5 39. Rf8+ Ka7 40. Qxc7 Nc6 41. Rf7 Nd8 42. e7 1-0

[Event "IRL-ch 103rd"]
[Site "Dublin"]
[Date "2024.08.09"]
[Round "7"]
[White "Baburin, Alexander"]
[Black "Melaugh, Shane"]
[Result "1-0"]
[WhiteElo "2375"]
[BlackElo "2178"]
[PlyCount "93"]
[EventDate "2024.08.03"]
[EventType "swiss"]
[EventRounds "9"]
[EventCountry "IRL"]
[SourceTitle "CBM 221 Extra"]
[Source "ChessBase"]
[SourceDate "2024.09.30"]
[SourceVersion "1"]
[SourceVersionDate "2024.09.30"]
[SourceQuality "1"]

1. d4 e6 2. c4 f5 3. g3 Nf6 4. Bg2 d5 5. Qc2 c6 6. Nh3 Bd6 7. 0-0 0-0 8. b3 Qe7 9. Bf4 b6 10. Nd2 a5 11. Bxd6 Qxd6 12. Nf4 Na6 13. a3 Bd7 14. Rfc1 Rfd8 15. Nf3 Be8 16. Ne5 Ra7 17. e3 g5 18. Nfd3 Nd7 19. cxd5 cxd5 20. Qc6 Nxe5 21. Qxd6 Rxd6 22. Nxe5 Kf8 23. Rc8 Ke7 24. Bf1 b5 25. Rac1 Rb6 26. Bd3 g4 27. R1c2 Rbb7 28. h3 gxh3 29. Kh2 Nc7 30. Kxh3 Na8 31. Rxe8+ Kxe8 32. Rc8+ Ke7 33. Nc6+ Kd7 34. Nxa7 Rxa7 35. Rb8 b4 36. axb4 axb4 37. Rxb4 Ra3 38. Ra4 Rxb3 39. Bxf5 h6 40. Bxe6+ Kxe6 41. Rxa8 Rb6 42. Re8+ Kf6 43. Re5 Rd6 44. Kh4 Rd7 45. Kh5 Rd8 46. g4 Rg8 47. Rxd5 1-0

[Event "IRL-ch 103rd"]
[Site "Dublin"]
[Date "2024.08.05"]
[Round "3"]
[White "Baburin, Alexander"]
[Black "Flynn, Jacob"]
[Result "1-0"]
[WhiteElo "2375"]
[BlackElo "2134"]
[PlyCount "77"]
[EventDate "2024.08.03"]
[EventType "swiss"]
[EventRounds "9"]
[EventCountry "IRL"]
[SourceTitle "CBM 221 Extra"]
[Source "ChessBase"]
[SourceDate "2024.09.30"]
[SourceVersion "1"]
[SourceVersionDate "2024.09.30"]
[SourceQuality "1"]

1. d4 d5 2. c4 c6 3. cxd5 cxd5 4. Nf3 Nf6 5. Nc3 Nc6 6. Bf4 a6 7. Rc1 Bf5 8. e3 Rc8 9. Bd3 Bxd3 10. Qxd3 e6 11. 0-0 Be7 12. Bg5 Nd7 13. Bxe7 Qxe7 14. Na4 0-0 15. Nc5 Na5 16. Nxd7 Qxd7 17. Ne5 Qa4 18. b3 Qa3 19. Qd2 f6 20. Nd3 Kf7 21. g3 Nc6 22. Nc5 Ne5 23. Kg2 b6 24. Nxe6 Kxe6 25. dxe5 fxe5 26. Rfd1 Qd6 27. Qd3 e4 28. Qxa6 Rxc1 29. Rxc1 Rd8 30. Qb7 Rd7 31. Qc8 Ke7 32. Rc6 Qe5 33. Qg8 d4 34. exd4 Rxd4 35. Rc8 Kf6 36. Rf8+ Kg6 37. Re8 Qf5 38. Re6+ Kh5 39. Qe8+ 1-0

[Event "IRL-ch 103rd"]
[Site "Dublin"]
[Date "2024.08.03"]
[Round "1"]
[White "Baburin, Alexander"]
[Black "Putar, Leon"]
[Result "1-0"]
[WhiteElo "2375"]
[BlackElo "1958"]
[PlyCount "55"]
[EventDate "2024.08.03"]
[EventType "swiss"]
[EventRounds "9"]
[EventCountry "IRL"]
[SourceTitle "CBM 221 Extra"]
[Source "ChessBase"]
[SourceDate "2024.09.30"]
[SourceVersion "1"]
[SourceVersionDate "2024.09.30"]
[SourceQuality "1"]

1. Nf3 Nf6 2. c4 g6 3. Nc3 c5 4. d4 cxd4 5. Nxd4 d6 6. e4 Bg7 7. Be2 0-0 8. 0-0 Bd7 9. Be3 Nc6 10. Nc2 Rc8 11. f3 Qc7 12. Rc1 Na5 13. b3 Ng4 14. Bd2 Qc5+ 15. Kh1 Nf2+ 16. Rxf2 Qxf2 17. Nd5 Rce8 18. Bxa5 f5 19. Be1 Qc5 20. Bh4 e6 21. b4 Qc8 22. Ne7+ Rxe7 23. Bxe7 Rf7 24. Bxd6 Bh6 25. f4 fxe4 26. Ne3 Bxf4 27. Bxf4 Rxf4 28. Qd6 1-0

[Event "IRL-ch 102nd"]
[Site "Dublin"]
[Date "2023.08.09"]
[Round "5"]
[White "Liu, Jason1"]
[Black "Baburin, Alexander"]
[Result "0-1"]
[WhiteElo "2074"]
[BlackElo "2379"]
[PlyCount "70"]
[EventDate "2023.08.05"]
[EventType "swiss"]
[EventRounds "9"]
[EventCountry "IRL"]
[SourceTitle "CBM 215 Extra"]
[Source "ChessBase"]
[SourceDate "2023.09.30"]
[SourceVersion "1"]
[SourceVersionDate "2023.09.30"]
[SourceQuality "1"]

1. e4 c5 2. Nf3 d6 3. d4 cxd4 4. Nxd4 Nf6 5. Nc3 a6 6. a4 g6 7. Be2 Bg7 8. 0-0 0-0 9. Be3 Nc6 10. Nxc6 bxc6 11. a5 Bb7 12. Bf3 Nd7 13. Bd4 Ne5 14. Bxe5 Bxe5 15. Qd2 c5 16. Na4 Rb8 17. Rab1 f5 18. Nb6 fxe4 19. Bg4 Bc6 20. Be6+ Kh8 21. Bd5 Qe8 22. Qe2 Rxb6 23. axb6 Bxd5 24. Qxa6 Qd7 25. Qe2 Qb7 26. c4 Bc6 27. b4 Qxb6 28. b5 Bb7 29. Rb3 Bd4 30. Rh3 d5 31. cxd5 Bxd5 32. Qd2 Qxb5 33. Qh6 Bxf2+ 34. Rxf2 Qb1+ 35. Rf1 Qxf1# 0-1

[Event "IRL-ch 102nd"]
[Site "Dublin"]
[Date "2023.08.06"]
[Round "2"]
[White "Baburin, Alexander"]
[Black "O'Cuilleanain, Oisin"]
[Result "1-0"]
[WhiteElo "2379"]
[BlackElo "2097"]
[PlyCount "79"]
[EventDate "2023.08.05"]
[EventType "swiss"]
[EventRounds "9"]
[EventCountry "IRL"]
[SourceTitle "CBM 215 Extra"]
[Source "ChessBase"]
[SourceDate "2023.09.30"]
[SourceVersion "1"]
[SourceVersionDate "2023.09.30"]
[SourceQuality "1"]

1. d4 Nf6 2. Nf3 e6 3. Bg5 b6 4. e4 h6 5. Bxf6 Qxf6 6. Nc3 Bb4 7. Bd3 Bb7 8. 0-0 Bxc3 9. bxc3 0-0 10. Ne5 d6 11. Ng4 Qe7 12. f4 Nd7 13. e5 f5 14. exf6 Nxf6 15. Qe2 Rae8 16. Bg6 Rd8 17. Rae1 Bc8 18. f5 Nxg4 19. Qxg4 exf5 20. Rxe7 fxg4 21. Rxc7 Rxf1+ 22. Kxf1 a6 23. Kf2 Be6 24. a3 Rf8+ 25. Kg3 Bf5 26. Bxf5 Rxf5 27. Rc6 Ra5 28. Kxg4 Rxa3 29. Kf5 Kh7 30. d5 b5 31. Ke6 Ra2 32. Kxd6 Rxc2 33. Kc7 Rf2 34. d6 Rf7+ 35. d7 a5 36. Kc8 Rf8+ 37. d8Q Rxd8+ 38. Kxd8 b4 39. cxb4 axb4 40. Rb6 1-0

[Event "Enniscrone Sligo Spring op"]
[Site "Enniscrone"]
[Date "2023.02.05"]
[Round "4"]
[White "Doluhanova, Evgeniya"]
[Black "Baburin, Alexander"]
[Result "1/2-1/2"]
[WhiteElo "2312"]
[BlackElo "2399"]
[PlyCount "75"]
[EventDate "2023.02.03"]
[EventType "swiss"]
[EventRounds "5"]
[EventCountry "IRL"]
[SourceTitle "CBM 212 Extra"]
[Source "ChessBase"]
[SourceDate "2023.03.31"]
[SourceVersion "1"]
[SourceVersionDate "2023.03.31"]
[SourceQuality "1"]

1. e4 c5 2. Nf3 d6 3. Bb5+ Nd7 4. 0-0 Ngf6 5. Re1 a6 6. Bf1 b6 7. d4 cxd4 8. Nxd4 Bb7 9. Nc3 e6 10. f4 Be7 11. e5 dxe5 12. fxe5 Nd5 13. Nxd5 Bxd5 14. c3 0-0 15. Qh5 g6 16. Qh3 Bg5 17. Qg4 Bxc1 18. Raxc1 b5 19. Bd3 f5 20. exf6 Nxf6 21. Qg5 Nh5 22. Qxd8 Raxd8 23. g3 Nf6 24. Bf1 Rfe8 25. Bg2 Bxg2 26. Kxg2 e5 27. Nf3 e4 28. Nd4 b4 29. Nb3 a5 30. Re2 a4 31. Nc5 bxc3 32. Rxc3 Rd4 33. b3 axb3 34. axb3 Kg7 35. Rc4 Rxc4 36. bxc4 Rc8 37. Nxe4 Rxc4 38. Nxf6 1/2-1/2

[Event "Enniscrone Sligo Spring op"]
[Site "Enniscrone"]
[Date "2023.02.04"]
[Round "2"]
[White "Gubanov, Oleg"]
[Black "Baburin, Alexander"]
[Result "1/2-1/2"]
[WhiteElo "2266"]
[BlackElo "2399"]
[PlyCount "90"]
[EventDate "2023.02.03"]
[EventType "swiss"]
[EventRounds "5"]
[EventCountry "IRL"]
[SourceTitle "CBM 212 Extra"]
[Source "ChessBase"]
[SourceDate "2023.03.31"]
[SourceVersion "1"]
[SourceVersionDate "2023.03.31"]
[SourceQuality "1"]

1. e4 c5 2. d4 cxd4 3. Qxd4 Nc6 4. Qd3 g6 5. Nc3 Bg7 6. Nf3 Nf6 7. Be2 0-0 8. 0-0 d6 9. Nd5 Nd7 10. c3 Nc5 11. Qc2 e6 12. Ne3 f5 13. exf5 gxf5 14. Rd1 f4 15. Nc4 d5 16. b4 Ne4 17. Bb2 Qc7 18. b5 Ne7 19. Bd3 e5 20. Re1 Ng6 21. Bxe4 dxe4 22. Qxe4 Bf5 23. Qd5+ Kh8 24. Ncxe5 Nxe5 25. Nxe5 Rad8 26. Qb3 Bxe5 27. Rxe5 Qxe5 28. c4 Rd4 29. Qc3 Rfd8 30. Re1 Qf6 31. g3 Kg8 32. Qf3 Bg6 33. c5 Re4 34. Qxe4 Qxb2 35. Qxb7 Qc3 36. Re7 f3 37. h4 Qc1+ 38. Kh2 Qxc5 39. Qxa7 Qxb5 40. Qe3 Qd5 41. g4 Qd6+ 42. Kh3 Rd7 43. Rxd7 Qxd7 44. Qxf3 h5 45. Kg3 hxg4 1/2-1/2

[Event "Enniscrone Sligo Spring op"]
[Site "Enniscrone"]
[Date "2023.02.03"]
[Round "1"]
[White "Baburin, Alexander"]
[Black "Healy, John"]
[Result "1-0"]
[WhiteElo "2399"]
[BlackElo "1962"]
[PlyCount "31"]
[EventDate "2023.02.03"]
[EventType "swiss"]
[EventRounds "5"]
[EventCountry "IRL"]
[SourceTitle "CBM 212 Extra"]
[Source "ChessBase"]
[SourceDate "2023.03.31"]
[SourceVersion "1"]
[SourceVersionDate "2023.03.31"]
[SourceQuality "1"]

1. d4 Nf6 2. c4 c5 3. d5 e6 4. Nc3 exd5 5. cxd5 d6 6. Nf3 g6 7. e4 Bg4 8. Qa4+ Bd7 9. Qc2 Na6 10. Bxa6 bxa6 11. 0-0 Bg7 12. Bf4 Qc7 13. e5 dxe5 14. Nxe5 Nh5 15. Nxg6 Nxf4 16. Qe4+ 1-0

[Event "Olympiad-44"]
[Site "Chennai"]
[Date "2022.08.02"]
[Round "5.1"]
[White "Baburin, Alexander"]
[Black "Makoto, Rodwell"]
[Result "1/2-1/2"]
[WhiteElo "2400"]
[BlackElo "2346"]
[PlyCount "83"]
[EventDate "2022.07.29"]
[EventType "team-swiss"]
[EventRounds "11"]
[EventCountry "IND"]
[SourceTitle "CBM 210"]
[Source "ChessBase"]
[SourceDate "2022.10.31"]
[SourceVersion "1"]
[SourceVersionDate "2022.10.31"]
[SourceQuality "1"]
[WhiteTeam "Ireland"]
[BlackTeam "Zimbabwe"]
[WhiteTeamCountry "IRL"]
[BlackTeamCountry "ZIM"]

1. d4 Nf6 2. c4 g6 3. Nf3 Bg7 4. g3 0-0 5. Bg2 d6 6. 0-0 Nbd7 7. Nc3 c6 8. e4 e5 9. h3 Re8 10. b3 exd4 11. Nxd4 Nc5 12. Re1 a5 13. Rb1 Qe7 14. Bf4 Nfd7 15. Be3 Ne5 16. Re2 Ne6 17. f4 Nxd4 18. Bxd4 c5 19. Nd5 Qd8 20. Bc3 Nc6 21. Bxg7 Kxg7 22. f5 gxf5 23. Rf2 Re5 24. Qh5 f4 25. Qf3 Nd4 26. Qxf4 Be6 27. Rbf1 Qg5 28. Nc7 Rf8 29. Nb5 Nxb5 30. cxb5 c4 31. bxc4 Bxc4 32. Rc1 Bxb5 33. Rc7 Qxf4 34. gxf4 Rc5 35. Rxb7 Re8 36. Rb6 Bd3 37. Rxd6 Bxe4 38. Re2 Rc2 39. Rxc2 Bxc2 40. Ra6 a4 41. Kf2 Rd8 42. Bf1 1/2-1/2

[Event "IRL-ch 101st"]
[Site "Dublin"]
[Date "2022.07.09"]
[Round "8"]
[White "Flynn, Jacob"]
[Black "Baburin, Alexander"]
[Result "0-1"]
[WhiteElo "2199"]
[BlackElo "2400"]
[PlyCount "134"]
[EventDate "2022.07.02"]
[EventType "swiss"]
[EventRounds "9"]
[EventCountry "IRL"]
[SourceTitle "CBM 209 Extra"]
[Source "ChessBase"]
[SourceDate "2022.09.30"]
[SourceVersion "1"]
[SourceVersionDate "2022.09.30"]
[SourceQuality "1"]

1. d4 d5 2. c4 e6 3. Nc3 Nf6 4. cxd5 exd5 5. Bg5 c6 6. e3 Be7 7. Bd3 0-0 8. Qc2 Nbd7 9. h3 Re8 10. Bf4 Nf8 11. Nf3 Bd6 12. Bxd6 Qxd6 13. 0-0-0 Be6 14. Kb1 Rac8 15. g4 c5 16. Bb5 Red8 17. g5 N6d7 18. Bxd7 Nxd7 19. dxc5 Nxc5 20. Nd4 a6 21. f4 b5 22. f5 Bd7 23. Qh2 Be8 24. Qxd6 Rxd6 25. Nb3 Nxb3 26. axb3 Bc6 27. Rd4 f6 28. h4 Re8 29. e4 b4 30. Nxd5 Bxd5 31. exd5 fxg5 32. hxg5 Re5 33. Rf1 Rdxd5 34. Rxd5 Rxd5 35. g6 hxg6 36. fxg6 Rg5 37. Rf4 a5 38. Kc2 Rxg6 39. Rf5 Ra6 40. Kd3 Kh7 41. Rb5 Kh6 42. Ke4 Rf6 43. Rxa5 g5 44. Rb5 Kh5 45. Ke3 Rf4 46. Kd2 Kh4 47. Ke3 Rg4 48. Kf2 Kh3 49. Rb8 Rf4+ 50. Kg1 Kg3 51. Rd8 Rf3 52. Rd2 Rxb3 53. Rg2+ Kf4 54. Rc2 Re3 55. Kg2 g4 56. Kf2 g3+ 57. Kg2 b3 58. Rc8 Re2+ 59. Kg1 Rxb2 60. Rc3 g2 61. Kh2 Ke4 62. Kg1 Kd4 63. Rc8 Rc2 64. Rd8+ Kc3 65. Rc8+ Kb2 66. Rb8 Ka2 67. Ra8+ Kb1 0-1

[Event "IRL-ch 101st"]
[Site "Dublin"]
[Date "2022.07.07"]
[Round "6"]
[White "Baburin, Alexander"]
[Black "O'Donnell, Conor"]
[Result "1/2-1/2"]
[WhiteElo "2400"]
[BlackElo "2269"]
[PlyCount "53"]
[EventDate "2022.07.02"]
[EventType "swiss"]
[EventRounds "9"]
[EventCountry "IRL"]
[SourceTitle "CBM 209 Extra"]
[Source "ChessBase"]
[SourceDate "2022.09.30"]
[SourceVersion "1"]
[SourceVersionDate "2022.09.30"]
[SourceQuality "1"]

1. d4 Nf6 2. c4 e6 3. g3 d5 4. Nf3 Bb4+ 5. Bd2 Be7 6. Bg2 c6 7. Qc2 b6 8. 0-0 Nbd7 9. Rd1 Bb7 10. Be1 0-0 11. Nbd2 Rc8 12. e4 c5 13. exd5 exd5 14. Rac1 dxc4 15. Nxc4 cxd4 16. Nxd4 Bxg2 17. Kxg2 Re8 18. Qd3 Qc7 19. Qf3 a6 20. a4 Bf8 21. b4 Ne4 22. b5 axb5 23. axb5 Ndf6 24. Nc6 Ra8 25. Rc2 h6 26. Ne3 Ra3 27. Qf5 1/2-1/2

[Event "IRL-ch 101st"]
[Site "Dublin"]
[Date "2022.07.06"]
[Round "5"]
[White "Ryan, Joseph"]
[Black "Baburin, Alexander"]
[Result "0-1"]
[WhiteElo "2270"]
[BlackElo "2400"]
[PlyCount "86"]
[EventDate "2022.07.02"]
[EventType "swiss"]
[EventRounds "9"]
[EventCountry "IRL"]
[SourceTitle "CBM 209 Extra"]
[Source "ChessBase"]
[SourceDate "2022.09.30"]
[SourceVersion "1"]
[SourceVersionDate "2022.09.30"]
[SourceQuality "1"]

1. e4 Nf6 2. e5 Nd5 3. c4 Nb6 4. d4 d6 5. exd6 cxd6 6. Nc3 g6 7. Be3 Bg7 8. Rc1 0-0 9. b3 Bf5 10. Be2 e5 11. d5 Na6 12. h4 Bc8 13. h5 f5 14. hxg6 hxg6 15. g4 Nd7 16. gxf5 gxf5 17. Nf3 f4 18. Bd2 Nf6 19. Ng5 Bf5 20. Ne6 Bxe6 21. dxe6 Nc5 22. Nd5 Nxe6 23. Bf3 Nc5 24. Nxf6+ Rxf6 25. Bd5+ Kf8 26. Qc2 e4 27. Bc3 Nd3+ 28. Kd1 Qb6 29. Rg1 Nxf2+ 30. Ke1 Qe3+ 31. Kf1 Nd3 32. Rxg7 Qf3+ 33. Kg1 Kxg7 34. Rd1 Qe3+ 35. Kf1 Qf3+ 36. Kg1 Rh8 37. Qg2+ Qxg2+ 38. Kxg2 Ne5 39. Bxe4 b6 40. Rd5 Rh5 41. b4 f3+ 42. Kg1 f2+ 43. Kf1 Rg5 0-1

[Event "IRL-ch 101st"]
[Site "Dublin"]
[Date "2022.07.04"]
[Round "3"]
[White "Kanyamarala, Tarun"]
[Black "Baburin, Alexander"]
[Result "1-0"]
[WhiteElo "2379"]
[BlackElo "2400"]
[PlyCount "49"]
[EventDate "2022.07.02"]
[EventType "swiss"]
[EventRounds "9"]
[EventCountry "IRL"]
[SourceTitle "CBM 209 Extra"]
[Source "ChessBase"]
[SourceDate "2022.09.30"]
[SourceVersion "1"]
[SourceVersionDate "2022.09.30"]
[SourceQuality "1"]

1. d4 d5 2. c4 e6 3. Nf3 Nf6 4. Nc3 Nbd7 5. Bf4 dxc4 6. e3 Nd5 7. Bxc4 Nxf4 8. exf4 Nf6 9. f5 exf5 10. Qb3 Bd6 11. Bxf7+ Kf8 12. 0-0 g6 13. Ne5 Qe7 14. Rfe1 Bxe5 15. Rxe5 Qxf7 16. Qb4+ Kg8 17. Re7 a5 18. Qc5 Nd7 19. Qa3 Qf6 20. Rae1 c6 21. Qb3+ Kf8 22. Re8+ Kg7 23. R1e7+ Kh6 24. Nd5 Qxd4 25. Rxh8 1-0

[Event "Sligo Spring op"]
[Site "Sligo"]
[Date "2022.05.01"]
[Round "4"]
[White "O'Cuilleanain, Oisin"]
[Black "Baburin, Alexander"]
[Result "1/2-1/2"]
[WhiteElo "1868"]
[BlackElo "2413"]
[PlyCount "69"]
[EventDate "2022.04.29"]
[EventType "swiss"]
[EventRounds "5"]
[EventCountry "IRL"]
[SourceTitle "CBM 208 Extra"]
[Source "ChessBase"]
[SourceDate "2022.07.31"]
[SourceVersion "1"]
[SourceVersionDate "2022.07.31"]
[SourceQuality "1"]

1. d4 d5 2. c4 e6 3. Nc3 Nf6 4. cxd5 exd5 5. Bg5 c6 6. e3 Be7 7. Bd3 Nbd7 8. Qc2 0-0 9. Nge2 Re8 10. 0-0 Nf8 11. f3 Ng6 12. Rad1 Be6 13. e4 dxe4 14. fxe4 Ng4 15. Bc1 c5 16. Bb5 Qc7 17. Nf4 cxd4 18. Bxe8 dxc3 19. h3 Rxe8 20. hxg4 Nxf4 21. Bxf4 Qb6+ 22. Kh1 Bxg4 23. Rd3 Qb5 24. Qxc3 Qh5+ 25. Kg1 Bf8 26. Rd5 Qg6 27. Rg5 Qe6 28. Re5 Qd7 29. Rxe8 Qxe8 30. Qd4 Qe6 31. Be3 b6 32. Qd5 Qe8 33. Bd4 Be6 34. Qb7 Qa4 35. Be5 1/2-1/2

[Event "Dublin Bolger Cup"]
[Site "Dublin"]
[Date "2022.03.26"]
[Round "2"]
[White "Flynn, Jacob"]
[Black "Baburin, Alexander"]
[Result "0-1"]
[WhiteElo "2153"]
[BlackElo "2413"]
[PlyCount "88"]
[EventDate "2022.03.25"]
[EventType "swiss"]
[EventRounds "5"]
[EventCountry "IRL"]
[SourceTitle "CBM 207 Extra"]
[Source "ChessBase"]
[SourceDate "2022.05.31"]
[SourceVersion "1"]
[SourceVersionDate "2022.05.31"]
[SourceQuality "1"]

1. e4 c5 2. Nf3 d6 3. Bb5+ Bd7 4. Bxd7+ Nxd7 5. 0-0 Ngf6 6. Re1 e6 7. b3 Be7 8. Bb2 0-0 9. c4 e5 10. Nc3 a6 11. d3 Qb8 12. a3 b5 13. cxb5 axb5 14. b4 cxb4 15. axb4 Rxa1 16. Qxa1 d5 17. Nxd5 Nxd5 18. exd5 Bxb4 19. Nxe5 Bxe1 20. Nxd7 Bxf2+ 21. Kxf2 Qf4+ 22. Kg1 Qe3+ 23. Kh1 Re8 24. h3 f6 25. d6 Qxd3 26. Qa2+ Kh8 27. Qa3 Qf5 28. Nc5 Re1+ 29. Kh2 Qf4+ 30. Qg3 Rh1+ 31. Kxh1 Qxg3 32. d7 Qc7 33. Bc3 Kg8 34. Bb4 Kf7 35. Ba5 Qxa5 36. Nb7 Qa1+ 37. Kh2 Qe5+ 38. Kh1 Qe1+ 39. Kh2 Qe5+ 40. Kh1 Qc7 41. d8Q Qxb7 42. Qh8 Qe4 43. Qb8 Qe1+ 44. Kh2 Qe5+ 0-1

[Event "Dublin Bolger Cup"]
[Site "Dublin"]
[Date "2022.03.25"]
[Round "1"]
[White "Baburin, Alexander"]
[Black "Real, Thibault"]
[Result "1-0"]
[WhiteElo "2413"]
[BlackElo "2255"]
[PlyCount "65"]
[EventDate "2022.03.25"]
[EventType "swiss"]
[EventRounds "5"]
[EventCountry "IRL"]
[SourceTitle "CBM 207 Extra"]
[Source "ChessBase"]
[SourceDate "2022.05.31"]
[SourceVersion "1"]
[SourceVersionDate "2022.05.31"]
[SourceQuality "1"]

1. d4 Nf6 2. c4 e6 3. g3 d5 4. Nf3 dxc4 5. Bg2 Nc6 6. 0-0 Rb8 7. Nc3 b5 8. Ne5 Nxe5 9. dxe5 Nd7 10. Be3 Bc5 11. Bxc5 Nxc5 12. Bc6+ Bd7 13. Qd4 Qe7 14. Bxd7+ Nxd7 15. a4 bxa4 16. Rxa4 Nb6 17. Rxa7 0-0 18. Ne4 Rfd8 19. Qc3 h6 20. Nd6 Rd7 21. Nxc4 Nxc4 22. Qxc4 Rxb2 23. Rc1 c5 24. Ra8+ Kh7 25. Qe4+ g6 26. Rc8 Rd5 27. f3 Qa7 28. Qf4 Qe7 29. Kf1 Rdd2 30. R1xc5 Rxe2 31. Rh8+ Kxh8 32. Qxh6+ Kg8 33. Rc8+ 1-0

[Event "IRL-ch 100th"]
[Site "Dublin"]
[Date "2021.08.06"]
[Round "7"]
[White "Heidenfeld, Mark"]
[Black "Baburin, Alexander"]
[Result "1/2-1/2"]
[WhiteElo "2360"]
[BlackElo "2416"]
[PlyCount "35"]
[EventDate "2021.07.31"]
[EventType "swiss"]
[EventRounds "9"]
[EventCountry "IRL"]
[SourceTitle "CBM 203 Extra"]
[Source "ChessBase"]
[SourceDate "2021.09.30"]
[SourceVersion "1"]
[SourceVersionDate "2021.09.30"]
[SourceQuality "1"]

1. e4 Nf6 2. Nc3 d6 3. d4 g6 4. Nf3 Bg7 5. Be2 0-0 6. 0-0 Bg4 7. h3 Bxf3 8. Bxf3 c6 9. a4 Nbd7 10. a5 a6 11. Be3 e6 12. Qd2 d5 13. e5 Ne8 14. Be2 c5 15. f4 cxd4 16. Bxd4 f6 17. exf6 Nexf6 18. Qe3 1/2-1/2

[Event "IRL-ch 100th"]
[Site "Dublin"]
[Date "2021.08.04"]
[Round "5"]
[White "Baburin, Alexander"]
[Black "Murphy, Conor"]
[Result "1-0"]
[WhiteElo "2416"]
[BlackElo "2394"]
[PlyCount "165"]
[EventDate "2021.07.31"]
[EventType "swiss"]
[EventRounds "9"]
[EventCountry "IRL"]
[SourceTitle "CBM 203 Extra"]
[Source "ChessBase"]
[SourceDate "2021.09.30"]
[SourceVersion "1"]
[SourceVersionDate "2021.09.30"]
[SourceQuality "1"]

1. d4 d5 2. c4 e6 3. Nf3 Nf6 4. g3 Be7 5. Bg2 0-0 6. 0-0 a5 7. Qc2 c6 8. b3 b6 9. Bb2 Bb7 10. Rd1 Na6 11. Nc3 Rc8 12. e4 Qc7 13. a3 Rfd8 14. e5 Nd7 15. Rac1 Qb8 16. cxd5 cxd5 17. Bf1 Nc7 18. Bd3 Nf8 19. Qe2 Qa7 20. Rc2 Ba6 21. Bxa6 Nxa6 22. Rdc1 Qb7 23. Nb5 Nd7 24. h4 Ndb8 25. Ng5 h6 26. Nh3 Rxc2 27. Rxc2 Rc8 28. Rxc8+ Qxc8 29. Nf4 Qc6 30. Nh5 Nc7 31. a4 Nba6 32. Kg2 Bf8 33. Nc3 Nb4 34. Nf4 Qb7 35. Kg1 Nc6 36. Qd3 Na7 37. Bc1 Na6 38. Be3 Nb4 39. Qe2 Qc6 40. Qd2 b5 41. axb5 Nxb5 42. Nxb5 Qxb5 43. Qc3 a4 44. bxa4 Qxa4 45. Kg2 Qd1 46. f3 Nc2 47. Bf2 Na3 48. Qc8 Qc2 49. Qxc2 Nxc2 50. h5 Bb4 51. Ne2 Kf8 52. f4 Ke7 53. g4 Kd7 54. f5 Bd2 55. Kf3 Bg5 56. Bg3 f6 57. exf6 gxf6 58. fxe6+ Kxe6 59. Bf2 Nb4 60. Ng3 Nc2 61. Nf5 Bd2 62. Ke2 Bf4 63. Be1 Na3 64. Bd2 Bxd2 65. Kxd2 Nc4+ 66. Kd3 Nd6 67. Nxh6 Ne4 68. Ke3 Nd6 69. Kf4 Nb5 70. Nf5 Kf7 71. Ke3 Nc7 72. Kd3 Ne6 73. Kc3 Ng5 74. Kb4 Ne4 75. Kb5 Ke6 76. Kc6 Ng5 77. h6 Kf7 78. Kxd5 Kg6 79. Kc6 Nf3 80. d5 Ne5+ 81. Kc7 Nxg4 82. d6 Ne5 83. d7 1-0

[Event "Dublin Irish New Year IM2"]
[Site "Dublin"]
[Date "2020.01.04"]
[Round "5"]
[White "Carroll, Peter"]
[Black "Baburin, Alexander"]
[Result "0-1"]
[WhiteElo "2087"]
[BlackElo "2419"]
[PlyCount "48"]
[EventDate "2020.01.02"]
[EventType "tourn"]
[EventRounds "9"]
[EventCountry "IRL"]
[SourceTitle "CBM 194 Extra"]
[Source "ChessBase"]
[SourceDate "2020.03.31"]
[SourceVersion "1"]
[SourceVersionDate "2020.03.31"]
[SourceQuality "1"]

1. d4 d5 2. Nc3 Bf5 3. f3 e6 4. Bf4 a6 5. g4 Bg6 6. h4 h5 7. g5 c5 8. e3 Nc6 9. Bd3 cxd4 10. exd4 Bxd3 11. Qxd3 Nge7 12. Nge2 Nf5 13. 0-0-0 g6 14. Be5 Nxe5 15. dxe5 Bc5 16. Rh2 0-0 17. Kb1 Rc8 18. f4 Bb4 19. a3 Bxc3 20. Nxc3 Qa5 21. Ne2 Rc4 22. Qd2 Qb6 23. Rh3 Rfc8 24. Rc1 Qf2 0-1

[Event "Dublin Irish New Year IM2"]
[Site "Dublin"]
[Date "2020.01.03"]
[Round "2"]
[White "Baburin, Alexander"]
[Black "Melaugh, Gavin"]
[Result "1-0"]
[WhiteElo "2419"]
[BlackElo "2076"]
[PlyCount "85"]
[EventDate "2020.01.02"]
[EventType "tourn"]
[EventRounds "9"]
[EventCountry "IRL"]
[SourceTitle "CBM 194 Extra"]
[Source "ChessBase"]
[SourceDate "2020.03.31"]
[SourceVersion "1"]
[SourceVersionDate "2020.03.31"]
[SourceQuality "1"]

1. d4 e6 2. c4 f5 3. g3 Nf6 4. Bg2 Be7 5. Nf3 0-0 6. 0-0 d6 7. b3 Ne4 8. Bb2 Bf6 9. Nbd2 Nc6 10. Nxe4 fxe4 11. Ne1 d5 12. e3 Ne7 13. f3 Nf5 14. Qe2 c5 15. fxe4 dxe4 16. dxc5 Bxb2 17. Qxb2 Nxe3 18. Rxf8+ Qxf8 19. Qf2 Nxg2 20. Qxf8+ Kxf8 21. Nxg2 Bd7 22. Ne3 Ke7 23. Kf2 Be8 24. Ke2 Bh5+ 25. g4 Bg6 26. h4 h5 27. g5 Rf8 28. Rf1 Rc8 29. b4 a5 30. a3 axb4 31. axb4 Ra8 32. Rd1 Ra2+ 33. Rd2 Ra1 34. b5 Rh1 35. Rd6 Rh2+ 36. Kf1 Rh3 37. Kf2 Rf3+ 38. Ke2 Rh3 39. Kf2 Rh2+ 40. Kg3 Re2 41. Kf4 Bh7 42. g6 Bxg6 43. Rb6 1-0